00520 a2200145 4500003000900000005001700009008004100026040001300067245005900080250001100139260003800150300002100188490000700209520015800216IT-RoPau20220918175943.0130228b xxu||||| |||| 00| 0 eng d cIT-RoPau aConstitutiones Piae Societatis a Sancto Paulo Apostolo a1° ed aAlbano Laziale (Roma)bPSSPc1956 a202 pp.c16,5 cm aEP aIndex Pars prima De fine et membris Societatis Pars secunda De vita et operibus Societatis Pars tertia De regimine Societatis Decretum approbationis